Statistics for Countries with Unique Official Names - V2 (Blanks)

Click here to take the quiz!

General Stats

  • This quiz has been taken 20 times
  • The average score is 14 of 20

Answer Stats

Official NameCountry% Correct
Grand Duchy of {Luxembourg}Luxembourg
94%
Sultanate of {Oman}Oman
94%
Democratic People’s Republic of {Korea}North Korea
88%
Federated States of {Micronesia}Micronesia
88%
Hashemite Kingdom of {Jordan}Jordan
88%
{United Kingdom} of Great Britain and Northern IrelandUnited Kingdom
88%
{Russia}n FederationRussia
82%
{Syria}n Arab RepublicSyria
82%
Bolivarian Republic of {Venezuela}Venezuela
76%
Plurinational State of {Bolivia}Bolivia
76%
Socialist Republic of {Viet Nam}Vietnam
76%
Arab Republic of {Egypt}Egypt
65%
Negara {Brunei} DarussalamBrunei
65%
Oriental Republic of {Uruguay}Uruguay
59%
{Swiss} ConfederationSwitzerland
59%
Federative Republic of {Brazil}Brazil
47%
Union of the {Comoros}Comoros
47%
United Republic of {Tanzania}Tanzania
47%
Democratic Socialist Republic of {Sri Lanka}Sri Lanka
35%
Republic of the Union of {Myanmar}Myanmar
35%

Score Distribution

Percentile by Number Answered

Percent of People with Each Score

Your Score History

You have not taken this quiz